书目信息 |
| 题名: |
新思想 新观点 新论断--深入学习党的十七大精神
|
|
| 作者: | 邢贲思 主编 | |
| 分册: | ||
| 出版信息: | 北京 人民出版社 2008.03 |
|
| 页数: | 280页 | |
| 开本: | 20cm | |
| 丛书名: | 十七大精神深度解度丛书 | |
| 单 册: | ||
| 中图分类: | D229 | |
| 科图分类: | ||
| 主题词: | 中共十七大 (2007)--zhong gong shi qi da(2007)--报告--学习参考资料 | |
| 电子资源: | ||
| ISBN: | 978-7-01-006921-0 | |
| 000 | 00998nam 2200253 450 | |
| 001 | 012008509397 | |
| 005 | 20080421110505.54 | |
| 010 | @a978-7-01-006921-0@dCNY18.00 | |
| 100 | @a20080419d2008 em y0chiy0120 ea | |
| 101 | 0 | @achi |
| 102 | @aCN@b110000 | |
| 105 | @ay z 000yy | |
| 106 | @ar | |
| 200 | 1 | @a新思想 新观点 新论断--深入学习党的十七大精神@Axin si xiang xin guan dian xin lun duan--shen ru xue xi dang de shi qi da jing shen@f邢贲思主编@Fxing ben si zhu bian |
| 210 | @a北京@c人民出版社@d2008.03 | |
| 215 | @a280页@d20cm | |
| 225 | 2 | @a十七大精神深度解度丛书@Ashi qi da jing shen shen du jie du cong shu |
| 330 | @a本书内容包括:高举中国特色社会主义伟大户旗帜、改革开放的历史进程和宝贵经验、坚持中国特色社会主义道路等。 | |
| 410 | 0 | @12001 @a十七大精神深度解度丛书 |
| 606 | 0 | @a中共十七大 (2007)@Azhong gong shi qi da(2007)@x报告@j学习参考资料 |
| 690 | @aD229@v4 | |
| 701 | 0 | @a邢贲思@Axing ben si@4主编 |
| 801 | 0 | @aCN@bQSSK@c20080421 |
| 905 | @b294578-80@dD229@eX606@f3 | |
| 新思想 新观点 新论断--深入学习党的十七大精神/邢贲思主编.-北京:人民出版社,2008.03 |
| 280页;20cm.-(十七大精神深度解度丛书) |
| ISBN 978-7-01-006921-0:CNY18.00 |
| 本书内容包括:高举中国特色社会主义伟大户旗帜、改革开放的历史进程和宝贵经验、坚持中国特色社会主义道路等。 |
| ● |
| 相关链接 |
|
|
|
正题名:新思想 新观点 新论断--深入学习党的十七大
索取号:D229/X606
 
预约/预借
| 序号 | 登录号 | 条形码 | 馆藏地/架位号 | 状态 | 备注 |
| 1 | 294578 | 202945787 | 社科库509/509社科库 68排8列3层/ [索取号:D229/X606] | 在馆 | |
| 2 | 294579 | 202945796 | 社科库509/509社科库 68排8列3层/ [索取号:D229/X606] | 在馆 | |
| 3 | 294580 | 202945803 | 社科库509/509社科库 68排8列3层/ [索取号:D229/X606] | 在馆 |